000 01031nam a2200265 a 4500
001 000020572
005 20251105110124.0
008 100810s1949 mx r 000 0 spa d
040 _aDO-SdBNP
_bspa
_cBNPHU
082 _aH860.42
_bH519c
100 1 _aHenríquez Ureña, Pedro,
_d1884-1946
_91718
245 1 4 _aLas corrientes literarias en la América Hispánica /
_cPedro Henríquez Ureña ; traducción Joaquín Díez-Canedo.
260 _aMéxico :
_bFondo de Cultura Económica,
_c1949.
300 _a343 p. ;
_c22 cm.
490 1 _aLiteratura dominicana pensamiento y acción
500 _aIncluye índice de nombres
504 _aBibliografía : p. 275-299
590 _aInventariado, 2020/BT
650 4 _aLiteratura latinoamericana
_xHistoria y crítica
_95706
650 0 _aCivilización
_94943
651 0 _aAmérica Latina
_xCivilización
_916665
700 1 _aDíez-Canedo, Joaquín,
_etr.
_943295
830 0 _aLiteratura dominicana pensamiento dominicano
_943296
910 _aValidado. Control de calidad MFF
999 _c20076
_d20076